Prohibicin̤ constitucional de confiscatoriedad y deber de tributacin̤

Detalles Bibliográficos
Autor principal: Garcia Dorado, Francisco
Formato: Desconocido
Lenguaje:español
Publicado: Madrid : Dykinson, 2004
Materias:
Acceso en línea:Acceso restringido

MARC

LEADER 00000ny a22000003n 4500
005 2011062802072.0
006 m u
007 cr cn|||||||||
008 200507r2004 sp |||||s|||||||||||spa d
020 |a 9788481559194 
035 |a 283 
040 |a FlNmELB  |c FlNmELB  |d vLex 
050 1 4 |a K3165  |b G216 2002eb 
080 |a 342 
090 |c 1141  |d 1141 
100 1 |a Garcia Dorado, Francisco 
245 1 0 |a Prohibicin̤ constitucional de confiscatoriedad y deber de tributacin̤  |h [Recurso electrn̤ico]  |c Francisco Garcia Dorado 
256 |a Servicio en ln̕ea 
260 |a Madrid :  |b Dykinson,  |c 2004 
300 |a [7]-294 p 
506 1 |a Contenido solo disponible en los productos indicados  |d vLex Global  |d vLex Global (Academic Edition, excluding Law Schools)  |d vLex Global (U.S. Academic Edition, Law Schools)  |d vLex Global (U.S. Academic Edition, excluding Law Schools)  |d vLex Global (Academic Edition, Law Schools) 
650 0 7 |a Tributario  |2 Tesauro vLex 
650 0 7 |a Constitucional  |2 Tesauro vLex 
650 0 7 |a Principio de no confiscatoriedad  |2 Tesauro vLex 
650 0 7 |a Derecho tributario  |2 Tesauro vLex 
740 0 |a vLex Libros (Servicios en ln̕ea) 
856 4 0 |u http://vlex.com/source/283  |z Acceso restringido 
942 |c BOOK